Non ti avevo nemmeno notato /

Guardat en:
Dades bibliogràfiques
Autor principal: Campani, Sandro
Altres autors: Coppi, Daniele
Format: Llibre
Idioma:italià
Publicat: Roma : Playground, [2010]
Col·lecció:High school
Etiquetes: Afegir etiqueta
Sense etiquetes, Sigues el primer a etiquetar aquest registre!

MARC

LEADER 00000nam a22000007i 4500
001 IT\ICCU\UBO\3808328
003 ItRI
005 20260204173510.0
008 100727s2010 it ||||||6 ||||| |||||c
020 |a 9788889113516 
040 |b ita  |c GP 
041 7 |a ita  |2 ISO-639-2 
082 |a 741.5  |2 19 
100 1 |a Campani, Sandro  |0 IT\ICCU\MILV\304675 
240 1 0 |a Non ti avevo nemmeno notato  |9 Campani, Sandro 
245 1 0 |a Non ti avevo nemmeno notato /  |c Sandro Campani, Daniele Coppi. 
260 |a Roma :  |b Playground,  |c [2010] 
300 |a 98 p. :  |b ill. ;  |c 24 cm 
700 1 |a Coppi, Daniele  |0 IT\ICCU\CAGV\443203 
830 0 |a High school  |0 IT\ICCU\UBO\2598499 
942 |2 ddc  |c BK 
952 |0 0  |1 0  |2 ddc  |4 0  |6 741_594500000000000_CAM  |7 1  |9 603  |a RM  |b RM  |d 2024-02-06  |l 0  |o 741.5945 CAM  |p 90  |r 2024-02-06 16:28:49  |w 2024-02-06  |y BK 
952 |0 0  |1 0  |2 ddc  |4 0  |6 124_741_594500000000000_CAM_NON  |7 1  |9 921  |a MO  |b MO  |d 2024-03-07  |l 0  |o [124] 741.5945 CAM NON  |p 9096  |r 2024-03-07 12:29:16  |w 2024-03-07  |y BK 
952 |0 0  |1 0  |2 ddc  |4 0  |6 741_500000000000000_CAM_NON  |7 1  |9 2428  |a RN  |b RN  |d 2024-12-27  |l 0  |o 741.5 CAM NON  |p 9881  |r 2024-12-27 13:01:35  |w 2024-12-27  |y BK 
952 |0 0  |1 0  |2 ddc  |4 0  |6 B_FIT01CAMSANON11  |7 0  |9 7480  |a MI  |b MI  |d 2011-02-21  |i 6167  |l 0  |o B-FIT01-CAMSA-NON11  |p CDOM6167  |r 2025-07-13 16:28:41  |w 2025-07-13  |x ACQUISTO  |y BK 
952 |0 0  |1 0  |4 0  |6 R_741_594000000000000_CAM  |7 0  |9 21286  |a BO  |b BO  |d 2026-01-15  |i 13967  |l 0  |o R 741.594 CAM  |p BO13967  |r 2026-01-15 23:21:51  |w 2026-01-15  |x [Sebina 5] [1 v.]  |y BK  |z 1 v. 
999 |c 552  |d 552